| 000 | 00726nam0a22002531 4500 | ||
|---|---|---|---|
| 001 | rc\1118915 | ||
| 005 | 20250622183845.0 | ||
| 035 | _a(NLR Aleph) 006362047 | ||
| 090 |
_a4912781 _c4912781 |
||
| 100 | _a20041126d1981 |||y0rusy50 ca | ||
| 101 | 0 | _arus | |
| 102 | _aRU | ||
| 105 | _ay ||||||||| | ||
| 200 | 1 |
_aШведская народная музыка _e[Пер. со швед.] |
|
| 210 |
_aМ. _cМузыка _d1981 |
||
| 215 |
_a126 с. _cнот. _d21 |
||
| 300 | _aПеревод изд.: Svensk folkmusik / Ling Jan | ||
| 320 | _aБиблиогр.: с. 124-125 | ||
| 700 | 1 |
_aЛинг _bЯ. _gЯн |
|
| 801 | 0 |
_aRU _bNLR _gpsbo |
|
| 801 | 1 |
_aRU _bELAR _2rusmarc |
|
| 852 |
_aNLR _j81-3/7414 |
||
| 942 | _cBOOK | ||
| 980 | _aNB | ||